Refutación de varios errores reproducidos con la ocasión de la Revolución Francesa y española / (Record no. 154630)

MARC details
000 -LEADER
campo de control de longitud fija 00783nam a22002055i 4500
001 - NÚMERO DE CONTROL
campo de control 154630
003 - IDENTIFICADOR DE NÚMERO DE CONTROL
campo de control ES-MaACL
005 - FECHA Y HORA DE LA ÚLTIMA TRANSACCIÓN
campo de control 20250808063151.0
008 - DATOS DE LONGITUD FIJA--INFORMACIÓN GENERAL
campo de control de longitud fija 971126s1817 sp |||| | spa d
040 ## - FUENTE DE CATALOGACIÓN
Centro catalogador/agencia de origen CLM
Lengua de catalogación spa
Centro/agencia transcriptor CLM
100 1# - ENTRADA PRINCIPAL--NOMBRE DE PERSONA
Nombre de persona Gónzalez Villar, Juan.
9 (RLIN) 127733
245 10 - MENCIÓN DEL TÍTULO
Título Refutación de varios errores reproducidos con la ocasión de la Revolución Francesa y española /
Mención de responsabilidad, etc. compuesta por el doctor D. Juan González Villar ...
260 ## - PUBLICACIÓN, DISTRIBUCIÓN, ETC.
Lugar de publicación, distribución, etc. En Madrid :
Nombre del editor, distribuidor, etc. [s.n.],
Fecha de publicación, distribución, etc. 1817 (
Fabricante Imprenta de Sancha)
300 ## - DESCRIPCIÓN FÍSICA
Extensión XVI, 258, [2] p. ;
Dimensiones 8º (21 cm)
597 #1 - NOTA DE DESCRIPCIÓN FÍSICA
NOTA DE DESCRIPCIÓN FÍSICA Sign. : []\p8\s, A-P-\p8\s, Q\p10\s.
651 #4 - PUNTO DE ACCESO ADICIONAL DE MATERIA--NOMBRE GEOGRÁFICO
Nombre geográfico Francia-
Subdivisión general Historia
9 (RLIN) 8679
651 #4 - PUNTO DE ACCESO ADICIONAL DE MATERIA--NOMBRE GEOGRÁFICO
Nombre geográfico España-
Subdivisión general Historia.
9 (RLIN) 8209
852 ## - LOCALIZACIÓN
Ubicación ES-MaACL
Número de control de estantería D-2528
Nota libre -- Enc. pasta española
Holdings
Estatus retirado Estado de pérdida Estado de daño No para préstamo Colección Biblioteca de origen Biblioteca actual Ubicación en estantería Fecha de adquisición Fuente de adquisición Total de préstamos Signatura topográfica completa Código de barras Visto por última vez Precio de reemplazo Tipo de ítem Koha
        Libros del s. XIX Biblioteca del Ateneo de Madrid Biblioteca del Ateneo de Madrid Sala Valle Inclán 17/01/2008     D-2528 901161729 23/02/2023 23/02/2023 Libro impreso antiguo